Nuevos registros de peces para la Orinoquia colombiana (Registro nro. 12747)

Detalles MARC
000 -CABECERA
Campo de control 006480000a22001930004500
090 ## - CLASIFICACIÓN LOCAL
Colección AR
Consecutivo 03700
041 0# - IDIOMA
Código de idioma para texto/pista de sonido o título separado
100 1# - ASIENTO PRINCIPAL--NOMBRE PERSONAL
Nombre personal Cala, Plutarcho
245 10 - MENCION DE TITULO
Título Nuevos registros de peces para la Orinoquia colombiana
Version I.los Rajiformes, Cluppeiformes, Characiformes, y Gynotiformes
650 14 - ASIENTO SECUNDARIO DE MATERIA - TERMINO TEMATICO
Término temático o nombre geográfico como elemento de entrada Ictiología
650 14 - ASIENTO SECUNDARIO DE MATERIA - TERMINO TEMATICO
Término temático o nombre geográfico como elemento de entrada Peces
650 14 - ASIENTO SECUNDARIO DE MATERIA - TERMINO TEMATICO
Término temático o nombre geográfico como elemento de entrada Taxonomía animal
650 14 - ASIENTO SECUNDARIO DE MATERIA - TERMINO TEMATICO
Término temático o nombre geográfico como elemento de entrada Morfología animal
650 14 - ASIENTO SECUNDARIO DE MATERIA - TERMINO TEMATICO
Término temático o nombre geográfico como elemento de entrada Inventarios de peces
650 14 - ASIENTO SECUNDARIO DE MATERIA - TERMINO TEMATICO
Término temático o nombre geográfico como elemento de entrada Llanuras
651 #4 - ASIENTO SECUNDARIO DE MATERIA - NOMBRE GEOGRAFICO
-- Orinoquia, Colombia
773 1# - Item fuente:
Título Revista Unellez de Ciencia y Tecnología
Descripción física 1-2
Paginas del Articulo 89-97
Lugar, editorial y fecha de publicación 1986
Información sobre la relación 4
942 ## - ELEMENTOS ADICIONALES (KOHA)
Tipo de ítem Artículo
Existencias
Withdrawn status Lost status Volumen Damaged status No para préstamo Colección Ubicación Permanente Ubicación actual Fecha de adquisición Datos de publicación Seriada Total Checkouts Número topográfico Inventario / Código de Barras Date last seen Price effective from Forma de adquisición Tipo de material
    Ej. 1   No para Préstamo Hemeroteca Bogotá Bogotá 27/02/2015 Fuera de circulación   AR 03700 017277 25/03/2015 25/03/2015   Artículo